000 00607 a2200145 4500
999 _c4483
_d4483
020 _a9780855985967
050 _aLC161MCC2007
100 _a Developing adult literacy : approaches to planning, implementing, and delivering literacy initiatives
245 _a Developing adult literacy :
_bapproaches to planning, implementing, and delivering literacy initiatives /
_cJuliet McCaffery; Juliet Merrifield; Juliet Millican
264 _aOxford :
_bOxfam GB,
_c2007
300 _a289p. :
500 _aincludes index
650 _a Functional literacy -- Developing countries.
942 _2lcc
_cBK
_h161
_iMCC
_kLC